| Registos Bibliográficos associados ao registo de autoridade |
|
Etiqueta de registo: 00000nam 2200025 450 001 1995648 003 http://id.bnportugal.gov.pt/bib/catbnp/1995648 100 ## $a20180712d2018 k y0pory01030103ba 101 0# $aeng$dpor 102 ## $aPT 105 ## $aa m 000yy 106 ## $ar 200 1# $aHarmonization of remote sensing land surface products$ecorrection of clear-sky bias and characterization of directional effects$fSofia Nunes Lorena Ermida$gorient. Carlos da Camara, Isabel Trigo, Catherine Prigent 210 #9 $aLisboa$c[s.n.],$d2018 215 ## $aXXIV, 118 p.$cil.$d30 cm$ecurriculum vitae (7 f.) 328 #1 $aTese dout. Ciências Geofísicas e da Geoinformação, especialidade de Deteção Remota,
Fac. Ciências, Univ. Lisboa, 2018 675 ## $a550.3(043)$vBN$zpor$31232614 675 ## $a551.5(043)$vBN$zpor$3302248 675 ## $a528.8(043)$vBN$zpor$31229651 700 #1 $aErmida,$bSofia Nunes Lorena$31719531 702 #1 $aCamara,$bCarlos da$4727$31238917 702 #1 $aTrigo,$bIsabel Alexandra Martinho Franco$4727$31254073 702 #1 $aPrigent,$bCatherine$4727$31719532 801 #0 $aPT$bBN$gRPC 966 ## $lBN$mFGMON$sS.A. 169332 V.$x1
Etiqueta de registo: 00254nam 2200025 450 001 2281137 003 http://id.bnportugal.gov.pt/bib/catbnp/2281137 100 ## $a20260317d2025 m y0pory01030103ba 101 0# $aeng$dpor 102 ## $aPT 105 ## $aa m 000yy 106 ## $ar 200 1# $a A multi-sensor approach to the study of the urban heat island effect in cities$e a comparative study$fAlexandra Hurduc$gorient. Carlos da Camara, Sofia Ermida 210 #9 $aLisboa$c[s.n.],$d2025 215 ## $a[2], XVI, 154 f.$cil.$d30 cm$ecurrículum vitâe 328 #1 $aTese dout. Ciências Geofísicas e da Geoinformação (Deteção Remota), Faculdade de Ciências
da Universidade de Lisboa, 2025 675 ## $a550.8(44+450+460)(043)$vBN$zpor$31995598 675 ## $a536.6(44+450+460)(043)$vBN$zpor$31995599 675 ## $a551.584(44+450+460)(043)$vBN$zpor$31995600 700 #1 $aHurduc,$bAlexandra$31991982 702 #1 $aCamara,$bCarlos da$4727$31238917 702 #1 $aErmida,$bSofia Nunes Lorena$4727$31719531 801 #0 $aPT$bBN$gRPC 966 ## $lBN$mFGMON$sS.A. 193563 V.$x1 971 ## $cabrito$d20260317 973 ## $ctrodrigues$d20260414
|
|
|